02611nam a2200313 i 4500001000700000003000900007005001700016007000300033008004100036110008200077245005300159260004600212300001800258505138900276700003601665700003201701700005701733700004001790700003901830700003001869700004201899700004301941700008001984700004802064700002802112852002002140999001902160952011802179173621ES-MaACL20250809231449.0t|091215s18531853sp |||| | spa d2 aReal Academia de Ciencias Exactas, Físicas y Naturales de España.917563510aMemorias de la Real Academia de Ciencias g1853. aMadrid : b[s.n.], c1853 (fAguado Imp.) av. ; c28 cm.8 aContiene: T. II: La importancia filosófica de la química / Manuel Rioz Pedraja (18 p.). El inmenso desarrollo que desde el siglo XVII han recibido las matemáticas / Manuel Monteverde (p. 19-28). Las condiciones que la España reune por su posición geográfica y su topografía física en favor de los rpogresos de las ciencias... / Antonio Remón Zarco del Valle (p. 29-38). La aparente sencillez del organismo vegetal / José Martín de León (p. 39-51). Del contrapeso que las ciencias de la naturaleza y señaladamente la química ejercen con sus pasmosos adelantamientos sobre los males que afligen a la humanidad / Juan María Pou y Camps (p. 53-76). Forma más conveniente de los triángulos geodésicos; Astronomía del tiempo / Antonio Terrero (p. 77-105 + 1 gráf. pleg.). Elementos de cronología analítica / José Sánchez Cerquero (p. 106-232). Teoría sobre la resolución general de los rpoblemas algebráicos / Francisco Marrón (p. 233-567). El origen y progresos de los instrumentos de astronomía y geodesia / Carlos Ibañez e Ibañez (30 p.). Contestación / Antonio Aguilar y Vela (p. 32-45). Comparación de la regla geodésica perteneciente al gobierno de S.A. el Virey de Egipto que sirvió para la medición de la base central del mapa de España / Ismael Effendy, Carlos Ibañez e Ibañez (p. 47-170 + 1 plan pleg.)1 aRioz y Pedraja, Manuel.91318331 aMonteverde, Manuel.91418171 aRemón Zarco del Valle, Antonio,d1789-186691316901 aMartín de León, José.91418181 aPou y Camps, Juan María.91313121 aTerrero, Antonio.91418191 aSánchez y Cerquero, José.91418201 aMarrón y Villodas, Francisco.9770831 aIbáñez de Ibero, Carlos, cMarqués de Mulhacén, d1888-196691514811 aAguilar y Vela, Antonio, d1820-18829187551 aEffendy, Ismail.946686 aES-MaACLjK-217 c173621d173621 001040708LIBXIXaATENEOMbATENEOMcADMd2009-12-15l0oK-217p1182203r2023-02-23 00:00:00w2023-02-23yMONANT